| 000 | 00616nam a22001817a 4500 | ||
|---|---|---|---|
| 999 |
_c166972 _d166972 |
||
| 010 | _aENG-126195 | ||
| 020 |
_a978-93-8546-284-9 _c1495.00 |
||
| 035 | _aEN-109727 | ||
| 037 | _bDBAD/PUB | ||
| 082 | _a530.44 | ||
| 100 | _aShah,Kushal | ||
| 245 |
_aPlasma And Plasmonics/ _cby Shah Kushal |
||
| 260 |
_aNew Delhi _bAne Books Pvt.Ltd. _c2017 |
||
| 270 |
_a4821,Parwana Bhawan 1st Floor 24 Ansari Road, Darya Ganj _bNew Delhi _e110002 _k+91(011)23276843,2814209 _manebookschennai.com |
||
| 300 |
_avii183p. _b24cm(hb) |
||
| 500 | _aits include index bibliography | ||
| 942 |
_2ddc _cEN _h530.44 _mSHA |
||